[Event "Druga liga centralne Srbije grupa "]
[Site "?"]
[Date "2016.10.07"]
[Round "8.5"]
[White "Osatovic, Aleksandar"]
[Black "Pavkov, Nebojsa"]
[Result "1-0"]
[WhiteElo "2106"]
[BlackElo "2216"]
[PlyCount "61"]
[EventDate "2016.09.04"]

1. d4 d6 2. c4 f5 3. Nc3 Nf6 4. Bg5 e6 5. Nf3 Be7 6. e3 O-O 7. Bd3 a5 8. a3 Nc6
9. Qc2 g6 10. Bxf6 Bxf6 11. h4 e5 12. dxe5 dxe5 13. O-O-O Qe8 14. Nd5 Qf7 15.
Ng5 Qg7 16. c5 h6 17. Bc4 Kh8 18. f4 e4 19. h5 Nd8 20. hxg6 Qxg6 21. Nxf6 Qxf6
22. Rxd8 Rxd8 23. Rxh6+ Qxh6 24. Nf7+ Kg7 25. Nxh6 Kxh6 26. Qf2 Bd7 27. Qh4+
Kg6 28. Qg5+ Kh7 29. Bf7 Rg8 30. Qh5+ Kg7 31. Qg6+ 1-0

[Event "Druga liga centralne Srbije grupa "]
[Site "?"]
[Date "2016.10.07"]
[Round "8.5"]
[White "Pecinar, Zoran"]
[Black "Simic, Goran S"]
[Result "0-1"]
[WhiteElo "2166"]
[BlackElo "2079"]
[PlyCount "75"]
[EventDate "2016.09.04"]

1. c4 c5 2. Nc3 Nc6 3. Nf3 g6 4. g3 Bg7 5. Bg2 Nf6 6. d4 cxd4 7. Nxd4 O-O 8.
Nc2 d6 9. O-O Rb8 10. b3 Bf5 11. e4 Bg4 12. f3 Be6 13. Bb2 a6 14. Nd5 Nd7 15.
Bxg7 Kxg7 16. Nce3 Bxd5 17. exd5 Qb6 18. Re1 Na7 19. Kh1 Rbe8 20. Qd2 Nc8 21.
Ng4 Nf6 22. Bh3 Qd8 23. Re2 Nxg4 24. Bxg4 Nb6 25. Qd4+ Kg8 26. Rae1 Nd7 27. f4
b5 28. cxb5 axb5 29. Qa7 Nf6 30. Bf3 Qc8 31. Qd4 Qd8 32. Rc2 Qd7 33. Ree2 Rc8
34. Rc6 Rc7 35. Rec2 Rb7 36. Kg2 h5 37. h4 Qe8 38. Re2 0-1

[Event "Druga liga centralne Srbije grupa "]
[Site "?"]
[Date "2016.10.07"]
[Round "8.6"]
[White "Baralic, Nebojsa"]
[Black "Bugarcic, Ivan"]
[Result "1-0"]
[WhiteElo "2241"]
[BlackElo "2177"]
[PlyCount "85"]
[EventDate "2016.09.04"]

1. c4 g6 2. Nc3 Bg7 3. Nf3 d6 4. g3 Nf6 5. Bg2 O-O 6. O-O e5 7. d4 Qe7 8. Bg5
c6 9. Ne4 Bf5 10. dxe5 Bxe4 11. exf6 Bxf6 12. Bxf6 Qxf6 13. Qb3 Qe7 14. Rfd1
Na6 15. Qe3 Rfe8 16. Rd2 d5 17. cxd5 Bxd5 18. Qh6 f6 19. Rad1 Rad8 20. a3 Nc5
21. Nd4 Bxg2 22. Kxg2 Ne4 23. Rd3 c5 24. Nf3 Rxd3 25. exd3 Nd6 26. Qf4 g5 27.
Qg4 Qe6 28. h3 Qf5 29. Qa4 Qd5 30. d4 c4 31. Qxa7 Ne4 32. g4 h5 33. Qa4 b5 34.
Qc2 hxg4 35. hxg4 f5 36. Kg1 fxg4 37. Ne5 Rf8 38. Re1 Rf4 39. Ng6 Rxf2 40. Qxf2
Nxf2 41. Ne7+ Kf7 42. Nxd5 Nd3 43. Re2 1-0

[Event "Druga liga centralne Srbije grupa "]
[Site "?"]
[Date "2016.10.07"]
[Round "8.6"]
[White "Naskovic, Filip"]
[Black "Sevic, Slobodan"]
[Result "1-0"]
[WhiteElo "2223"]
[BlackElo "2145"]
[PlyCount "77"]
[EventDate "2016.09.04"]

1. e4 c5 2. c3 Nf6 3. e5 Nd5 4. d4 e6 5. Nf3 Be7 6. Bd3 Nc6 7. O-O O-O 8. a3 d6
9. Qe2 Re8 10. Qe4 g6 11. h4 f5 12. exf6 Nxf6 13. Qe2 d5 14. Nbd2 c4 15. Bc2
Ng4 16. Ng5 e5 17. dxe5 Bxg5 18. hxg5 Rxe5 19. Qf3 Qxg5 20. Qg3 Qd8 21. Nf3 Re2
22. Bd1 Re8 23. Bg5 Qd7 24. Ba4 Qf5 25. Qh4 Nge5 26. Nd4 Qd7 27. f4 Nf7 28. Bf6
Re4 29. Rae1 Qd6 30. Rxe4 dxe4 31. Rd1 Qc5 32. Kh1 Nxd4 33. Rxd4 b5 34. Bc2 Bb7
35. Rd7 Qc6 36. Re7 Qc8 37. Bd4 Bd5 38. Qf6 Kf8 39. Bxe4 1-0

[Event "Druga liga centralne Srbije grupa "]
[Site "?"]
[Date "2016.10.07"]
[Round "8.6"]
[White "Gavrilovic, Vasilije"]
[Black "Kolarevic, Darko"]
[Result "0-1"]
[WhiteElo "2059"]
[BlackElo "2169"]
[PlyCount "59"]
[EventDate "2016.09.04"]

1. d4 Nf6 2. c4 g6 3. Nc3 Bg7 4. g3 O-O 5. Bg2 d6 6. e3 c5 7. Nge2 Nc6 8. O-O
Bd7 9. h3 Rb8 10. b3 a6 11. d5 Na5 12. Bb2 b5 13. cxb5 axb5 14. Qd2 b4 15. Nd1
c4 16. bxc4 Nxc4 17. Qc2 Rc8 18. Qd3 Qa5 19. Nd4 Nxd5 20. Nb3 Nxb2 21. Nxb2 Qa7
22. Nd4 Nc3 23. Rfe1 Rfd8 24. a3 bxa3 25. Nc4 Nb5 26. Nxa3 Nxd4 27. exd4 Bxd4
28. Rad1 Bxf2+ 29. Kh2 Bxe1 30. Rxe1 0-1

[Event "Druga liga centralne Srbije grupa "]
[Site "?"]
[Date "2016.10.07"]
[Round "8.6"]
[White "Gavrilovic, Vladan"]
[Black "Alempijevic, Andrija"]
[Result "1-0"]
[WhiteElo "2178"]
[BlackElo "2058"]
[PlyCount "76"]
[EventDate "2016.09.04"]

1. d4 e6 2. Nf3 d5 3. c4 Nf6 4. Nc3 Bb4 5. Qb3 Nc6 6. Bg5 h6 7. Bxf6 Qxf6 8. e3
O-O 9. cxd5 exd5 10. Qxd5 Be6 11. Qh5 Rfe8 12. Be2 Bf5 13. O-O Rad8 14. Bb5
Bxc3 15. bxc3 Re4 16. Bxc6 bxc6 17. Ne5 c5 18. Rac1 Rd5 19. Rfe1 Rd8 20. Qf3
Qe6 21. Nd3 Qg6 22. Nxc5 Rg4 23. e4 Bc8 24. h3 Rg5 25. Kh2 f6 26. Rb1 Rf8 27.
Rg1 c6 28. Qe3 Re8 29. f3 f5 30. e5 f4 31. Qxf4 Rf8 32. Qh4 Rh5 33. Qf2 Rf4 34.
Rb8 Qe8 35. g4 Rg5 36. Qe3 Rf8 37. f4 Rg6 38. f5 Rgf6 1-0

[Event "Druga liga centralne Srbije grupa "]
[Site "?"]
[Date "2016.10.07"]
[Round "8.6"]
[White "Grujovic, Milojica"]
[Black "Milikic, Milorad"]
[Result "1/2-1/2"]
[WhiteElo "1885"]
[BlackElo "2056"]
[PlyCount "95"]
[EventDate "2016.09.04"]

1. d4 e6 2. Nf3 Nf6 3. Bg5 Be7 4. Nbd2 d5 5. e3 Nbd7 6. Bd3 c5 7. c3 h6 8. Bh4
Nh5 9. Bxe7 Qxe7 10. Ne5 Nhf6 11. f4 O-O 12. O-O a6 13. a4 b6 14. Qf3 Bb7 15.
Rae1 Rfc8 16. g4 Nxe5 17. fxe5 Ne4 18. Nxe4 dxe4 19. Bxe4 Bxe4 20. Qxe4 Ra7 21.
Re2 b5 22. Ref2 Rf8 23. axb5 axb5 24. Qc6 b4 25. cxb4 cxb4 26. Rc1 Qg5 27. Qe4
Rd8 28. Rfc2 Rad7 29. Rc8 g6 30. Rxd8+ Rxd8 31. Rc4 Qh4 32. Qf3 Rf8 33. Qg3 Qe7
34. Kg2 Ra8 35. Qf3 Rf8 36. Rc1 Qd7 37. Kg3 Rc8 38. Qd1 Rxc1 39. Qxc1 Qd5 40.
Qc5 Qb3 41. Qc1 Qd3 42. Kf3 b3 43. Qc5 Qf1+ 44. Kg3 Qg1+ 45. Kf4 Qxh2+ 46. Kf3
h5 47. gxh5 Qxh5+ 48. Kg3 1/2-1/2

[Event "Druga liga centralne Srbije grupa "]
[Site "?"]
[Date "2016.10.07"]
[Round "8.6"]
[White "Jovic, Slavko"]
[Black "Mijatovic, Dusan"]
[Result "0-1"]
[WhiteElo "1947"]
[BlackElo "1694"]
[PlyCount "140"]
[EventDate "2016.09.04"]

1. e4 e6 2. d4 d5 3. exd5 exd5 4. Bd3 c5 5. dxc5 Bxc5 6. h3 Nf6 7. Nf3 O-O 8.
O-O Qd6 9. c3 Nc6 10. Nbd2 Qg3 11. Ne1 Bxh3 12. Qf3 Qxf3 13. Nexf3 Bg4 14. Nb3
Bb6 15. Nfd4 Nxd4 16. Nxd4 Bxd4 17. cxd4 Rfe8 18. f3 Bd7 19. Bg5 Re6 20. Bf5
Re2 21. Bxd7 Nxd7 22. Rf2 Rxf2 23. Kxf2 f6 24. Bd2 Rc8 25. Bc3 b5 26. Rc1 Nb6
27. b3 a5 28. Bd2 Rxc1 29. Bxc1 a4 30. Ke2 Kf7 31. Kd3 axb3 32. axb3 Ke6 33.
Kc3 Kd7 34. g4 g6 35. Bh6 Nc8 36. Kb4 Kc6 37. Bg7 f5 38. g5 Nd6 39. Bf8 Nf7 40.
f4 Kb6 41. Bc5+ Kc6 42. Bf8 Nd8 43. Bg7 Kb6 44. Bf6 Nc6+ 45. Kc3 b4+ 46. Kd3
Kc7 47. Be5+ Kd7 48. Kc2 Ke6 49. Kd3 Kf7 50. Kc2 Ke6 51. Kd3 Kf7 52. Kc2 Kg8
53. Kd3 Nd8 54. Bd6 Nc6 55. Be5 h5 56. gxh6 Kh7 57. Bg7 Nd8 58. Bf8 Ne6 59. Bd6
Kxh6 60. Ke3 Kh5 61. Bxb4 Kg4 62. Bd6 g5 63. fxg5 f4+ 64. Kf2 Nxg5 65. Be5 Ne4+
66. Kg1 Kf3 67. b4 Nc3 68. Kf1 Ke3 69. Ke1 f3 70. Kf1 Ne4 0-1